Online Catalogue and eLibrary

Women's Work, Men's Property: (Record no. 5982)

MARC details
000 -LEADER
fixed length control field 00965cam a2200325 a 4500
001 - CONTROL NUMBER
control field 2883842
005 - DATE AND TIME OF LATEST TRANSACTION
control field 20250219013603.0
008 - FIXED-LENGTH DATA ELEMENTS--GENERAL INFORMATION
fixed length control field 860324s1986 enk b 001 0 eng
020 ## - INTERNATIONAL STANDARD BOOK NUMBER
ISBN 0860911128
020 ## - INTERNATIONAL STANDARD BOOK NUMBER
ISBN 086091819X
040 ## - CATALOGING SOURCE (பட்டியலாக்க மூலம்)
Original cataloging agency DLC
Transcribing agency DLC
Modifying agency DLC
082 00 - DDC Classification
Class No. 305.4
DDC Edition Number 6951
Item Number - Author Mark COO
245 00 - TITLE STATEMENT
Title Women's Work, Men's Property:
Remainder of title The Origins of Gender and Class
260 ## - PUBLICATION, DISTRIBUTION, ETC.
Place of publication, distribution, etc. London
Name of publisher, distributor, etc. Verso,
Date of publication, distribution, etc. 1986
300 ## - PHYSICAL DESCRIPTION
Extent (e.g. Volumes, Pages etc.) xi, 220 p.,
500 ## - GENERAL NOTE
General note "Distributed in the USA and Canada by Schocken Books"--Jacket.
500 ## - GENERAL NOTE
General note Includes indexes.
650 #0 - SUBJECT ADDED ENTRY--TOPICAL TERM
Topical term or geographic name entry element Women
650 #0 - SUBJECT ADDED ENTRY--TOPICAL TERM
Topical term or geographic name entry element Men
650 #0 - SUBJECT ADDED ENTRY--TOPICAL TERM
Topical term or geographic name entry element Sex role.
650 #0 - SUBJECT ADDED ENTRY--TOPICAL TERM
Topical term or geographic name entry element Sex discrimination against women
650 #0 - SUBJECT ADDED ENTRY--TOPICAL TERM
Topical term or geographic name entry element Labour
650 #0 - SUBJECT ADDED ENTRY--TOPICAL TERM
Topical term or geographic name entry element Social evolution.
650 #0 - SUBJECT ADDED ENTRY--TOPICAL TERM
Topical term or geographic name entry element Gender
700 1# - ADDED ENTRY--PERSONAL NAME
Personal name Coontz, S
Relator term (Role) Editor
700 1# - ADDED ENTRY--PERSONAL NAME
Personal name Henderson, P
Relator term (Role) Editor
856 42 - ELECTRONIC LOCATION AND ACCESS
Uniform Resource Identifier <a href="http://www.loc.gov/catdir/enhancements/fy1311/86135617-b.html">http://www.loc.gov/catdir/enhancements/fy1311/86135617-b.html</a>
856 42 - ELECTRONIC LOCATION AND ACCESS
Uniform Resource Identifier <a href="http://www.loc.gov/catdir/enhancements/fy1311/86135617-d.html">http://www.loc.gov/catdir/enhancements/fy1311/86135617-d.html</a>
942 ## - Koha item type (Biblio)
Koha item type Books in Stacks (Lending)
Holdings
Lost status Damaged status Collection code Home library Current library Date acquired Full call number Accession Number Item type
    Lending WERC Library WERC Library 02/19/2025 305.4 COO 6951 Books in Stacks (Lending)

© WERC Library